[Event "DEM U16w 2025"]
[Site "Willingen GER"]
[Date "2025.06.10"]
[Round "4"]
[White "Weng, Yueyi Elina"]
[Black "Prokscha, Charlotte"]
[Result "1/2-1/2"]
[Termination "normal"]
[Board "11"]
[WhiteElo "1805"]
[BlackElo "1808"]
[WhiteClock "00:10:40"]
[BlackClock "00:15:08"]
[PlyCount "119"]
[WhiteFideId "34639896"]
[BlackFideId "34614699"]
[EventCountry "GER"]
[EventRounds "9"]
[EventType "swiss"]
[EventDate "2025.06.07"]

1. e4 {[%clk 01:30:59]} {[%emt 00:00:02]} c5 {[%clk 01:30:53]} {[%emt
00:00:07]} 2. Nf3 {[%clk 01:31:21]} {[%emt 00:00:07]} Nc6 {[%clk 01:31:17]}
{[%emt 00:00:07]} 3. Bc4 {[%clk 01:31:38]} {[%emt 00:00:13]} g6 {[%clk
01:31:13]} {[%emt 00:00:34]} 4. O-O {[%clk 01:31:14]} {[%emt 00:00:54]} Bg7
{[%clk 01:30:44]} {[%emt 00:00:59]} 5. c3 {[%clk 01:31:35]} {[%emt 00:00:09]}
d6 {[%clk 01:30:36]} {[%emt 00:00:38]} 6. d4 {[%clk 01:29:39]} {[%emt
00:02:27]} cxd4 {[%clk 01:27:09]} {[%emt 00:03:57]} 7. cxd4 {[%clk 01:29:53]}
{[%emt 00:00:15]} Nf6 {[%clk 01:26:16]} {[%emt 00:01:23]} 8. Nbd2 {[%clk
01:22:38]} {[%emt 00:07:45]} O-O {[%clk 01:23:30]} {[%emt 00:03:16]} 9. Re1
{[%clk 01:15:08]} {[%emt 00:08:01]} Nxe4 {[%clk 01:17:11]} {[%emt 00:06:49]}
10. Bxf7+ {[%clk 01:09:39]} {[%emt 00:05:59]} Rxf7 {[%clk 01:16:52]} {[%emt
00:00:49]} 11. Nxe4 {[%clk 01:09:53]} {[%emt 00:00:15]} Kh8 {[%clk 01:06:27]}
{[%emt 00:10:55]} 12. Neg5 {[%clk 00:58:30]} {[%emt 00:11:52]} Rf8 {[%clk
00:54:49]} {[%emt 00:12:09]} 13. d5 {[%clk 00:50:06]} {[%emt 00:08:54]} Ne5
{[%clk 00:54:26]} {[%emt 00:00:53]} 14. Nd4 {[%clk 00:48:35]} {[%emt 00:02:01]}
Qb6 {[%clk 00:47:10]} {[%emt 00:07:46]} 15. Be3 {[%clk 00:41:42]} {[%emt
00:07:23]} Ng4 {[%clk 00:43:31]} {[%emt 00:04:08]} 16. Nde6 {[%clk 00:35:24]}
{[%emt 00:06:49]} Nxe3 {[%clk 00:43:06]} {[%emt 00:00:55]} 17. Rxe3 {[%clk
00:35:24]} {[%emt 00:00:30]} Bxe6 {[%clk 00:43:17]} {[%emt 00:00:20]} 18. Nxe6
{[%clk 00:34:35]} {[%emt 00:01:18]} Rxf2 {[%clk 00:34:58]} {[%emt 00:08:49]}
19. Kxf2 {[%clk 00:32:02]} {[%emt 00:03:03]} Qxb2+ {[%clk 00:34:53]} {[%emt
00:00:35]} 20. Ke1 {[%clk 00:22:19]} {[%emt 00:10:12]} Qxa1 {[%clk 00:30:48]}
{[%emt 00:04:36]} 21. Qxa1 {[%clk 00:22:43]} {[%emt 00:00:06]} Bxa1 {[%clk
00:31:11]} {[%emt 00:00:08]} 22. Nc7 {[%clk 00:22:54]} {[%emt 00:00:17]} Rc8
{[%clk 00:28:21]} {[%emt 00:03:21]} 23. Rxe7 {[%clk 00:23:12]} {[%emt
00:00:12]} Be5 {[%clk 00:28:04]} {[%emt 00:00:44]} 24. g3 {[%clk 00:22:08]}
{[%emt 00:01:36]} Kg8 {[%clk 00:26:07]} {[%emt 00:02:27]} 25. Kd2 {[%clk
00:21:15]} {[%emt 00:01:21]} a6 {[%clk 00:24:30]} 26. Ne6 {[%clk 00:17:36]}
{[%emt 00:06:17]} b5 {[%clk 00:23:26]} {[%emt 00:01:29]} 27. Ra7 {[%clk
00:17:15]} {[%emt 00:00:55]} a5 {[%clk 00:23:07]} 28. Rb7 {[%clk 00:17:15]}
Bc3+ {[%clk 00:23:07]} 29. Kd3 {[%clk 00:17:15]} b4 {[%clk 00:23:07]} 30. Ra7
{[%clk 00:17:15]} b3 {[%clk 00:23:07]} 31. axb3 {[%clk 00:17:15]} Bb4 {[%clk
00:23:07]} 32. Rc7 {[%clk 00:17:15]} Rxc7 {[%clk 00:23:07]} 33. Nxc7 {[%clk
00:17:15]} Kf7 {[%clk 00:23:07]} 34. Kc4 {[%clk 00:17:15]} Kf6 {[%clk
00:23:07]} 35. Kb5 {[%clk 00:17:15]} Ke5 {[%clk 00:23:07]} 36. Kc4 {[%clk
00:13:36]} {[%emt 00:22:23]} Kf6 {[%clk 00:10:51]} {[%emt 00:01:22]} 37. Kb5
{[%clk 00:08:57]} {[%emt 00:05:10]} Ke5 {[%clk 00:09:55]} {[%emt 00:01:25]} 38.
Kc6 {[%clk 00:09:10]} {[%emt 00:00:17]} h5 {[%clk 00:09:44]} {[%emt 00:00:41]}
39. Ne8 {[%clk 00:08:10]} {[%emt 00:01:30]} Bc5 {[%clk 00:08:04]} {[%emt
00:02:10]} 40. h3 {[%clk 00:07:25]} {[%emt 00:01:14]} Bb4 {[%clk 00:08:01]}
{[%emt 00:00:34]} 41. g4 {[%clk 00:05:38]} {[%emt 00:02:18]} hxg4 42. hxg4
{[%clk 00:05:59]} Bc5 {[%clk 00:05:09]} {[%emt 00:02:05]} 43. Ng7 {[%clk
00:04:56]} {[%emt 00:01:33]} Kf6 {[%clk 00:02:20]} {[%emt 00:03:20]} 44. Ne6
{[%clk 00:03:56]} {[%emt 00:01:30]} Bb4 {[%clk 00:02:29]} {[%emt 00:00:15]} 45.
Kb5 {[%clk 00:03:15]} {[%emt 00:01:17]} Ke5 {[%clk 00:30:30]} {[%emt 00:02:30]}
46. Kc4 {[%clk 00:33:35]} {[%emt 00:00:09]} Ke4 {[%clk 00:28:08]} {[%emt
00:02:47]} 47. Nf8 {[%clk 00:31:56]} {[%emt 00:02:14]} g5 {[%clk 00:27:34]}
{[%emt 00:01:04]} 48. Nh7 {[%clk 00:31:03]} {[%emt 00:01:23]} Bd2 {[%clk
00:26:43]} {[%emt 00:01:19]} 49. Nf6 {[%clk 00:29:54]} {[%emt 00:01:41]} Ke5
{[%clk 00:26:26]} {[%emt 00:00:38]} 50. Nd7+ {[%clk 00:29:35]} {[%emt
00:00:58]} Kf4 {[%clk 00:26:16]} {[%emt 00:00:38]} 51. Nf6 {[%clk 00:28:52]}
{[%emt 00:01:15]} Bb4 {[%clk 00:25:10]} {[%emt 00:01:37]} 52. Kd4 {[%clk
00:26:12]} {[%emt 00:03:07]} Bc5+ {[%clk 00:25:11]} {[%emt 00:00:29]} 53. Kc4
{[%clk 00:25:51]} {[%emt 00:00:53]} Be3 {[%clk 00:21:22]} {[%emt 00:04:11]} 54.
Ne8 {[%clk 00:21:20]} {[%emt 00:05:10]} Ke5 {[%clk 00:20:38]} {[%emt 00:01:11]}
55. Ng7 {[%clk 00:17:01]} {[%emt 00:04:50]} Bc1 {[%clk 00:17:09]} {[%emt
00:04:00]} 56. Ne8 {[%clk 00:14:24]} {[%emt 00:03:06]} Ba3 {[%clk 00:17:09]}
{[%emt 00:00:30]} 57. Kb5 {[%clk 00:12:58]} {[%emt 00:01:56]} Bb4 {[%clk
00:17:32]} {[%emt 00:00:07]} 58. Kc6 {[%clk 00:11:30]} {[%emt 00:01:58]} Bc5
{[%clk 00:17:30]} {[%emt 00:00:32]} 59. Ng7 {[%clk 00:10:47]} {[%emt 00:01:12]}
Ba3 {[%clk 00:15:08]} {[%emt 00:02:52]} 60. Ne8 {[%clk 00:10:40]} {[%emt
00:00:38]} 1/2-1/2

[Event "DEM U16w 2025"]
[Site "Willingen GER"]
[Date "2025.06.10"]
[Round "4"]
[White "Fischermann, Charlotte"]
[Black "Ignatova, Gabriela"]
[Result "0-1"]
[Termination "normal"]
[Board "12"]
[WhiteElo "1715"]
[BlackElo "1688"]
[WhiteClock "00:28:55"]
[BlackClock "00:18:04"]
[PlyCount "52"]
[WhiteFideId "34619690"]
[BlackFideId "34623698"]
[EventCountry "GER"]
[EventRounds "9"]
[EventType "swiss"]
[EventDate "2025.06.07"]

1. e4 {[%clk 01:30:57]} {[%emt 00:00:01]} c5 {[%clk 01:30:49]} {[%emt
00:00:11]} 2. Nc3 {[%clk 01:31:20]} {[%emt 00:00:07]} e6 {[%clk 01:30:57]}
{[%emt 00:00:22]} 3. f4 {[%clk 01:31:13]} {[%emt 00:00:37]} Nh6 {[%clk
01:30:49]} {[%emt 00:00:38]} 4. Nf3 {[%clk 01:30:12]} {[%emt 00:01:31]} Be7
{[%clk 01:30:09]} {[%emt 00:01:11]} 5. d3 {[%clk 01:26:15]} {[%emt 00:04:26]}
f5 {[%clk 01:30:03]} {[%emt 00:00:36]} 6. Bd2 {[%clk 01:21:22]} {[%emt
00:05:23]} Nc6 {[%clk 01:28:43]} {[%emt 00:01:50]} 7. Be2 {[%clk 01:17:42]}
{[%emt 00:04:10]} O-O {[%clk 01:20:41]} {[%emt 00:08:33]} 8. O-O {[%clk
01:16:13]} {[%emt 00:01:59]} a6 {[%clk 01:19:04]} {[%emt 00:02:06]} 9. Ne5
{[%clk 01:12:58]} {[%emt 00:03:44]} Nd4 {[%clk 01:17:09]} {[%emt 00:02:26]} 10.
h3 {[%clk 01:08:38]} {[%emt 00:04:50]} b5 {[%clk 01:06:58]} {[%emt 00:10:40]}
11. Be3 {[%clk 01:04:52]} {[%emt 00:04:16]} Nxe2+ {[%clk 00:59:56]} {[%emt
00:07:33]} 12. Nxe2 {[%clk 01:03:59]} {[%emt 00:01:23]} Bb7 {[%clk 00:59:45]}
{[%emt 00:00:41]} 13. exf5 {[%clk 00:54:53]} {[%emt 00:09:35]} Nxf5 {[%clk
00:58:23]} {[%emt 00:01:53]} 14. Bf2 {[%clk 00:52:38]} {[%emt 00:02:43]} d6
{[%clk 00:56:01]} {[%emt 00:02:54]} 15. Ng4 {[%clk 00:52:40]} {[%emt 00:00:28]}
Qe8 {[%clk 00:47:06]} {[%emt 00:09:25]} 16. Ng3 {[%clk 00:47:54]} {[%emt
00:05:15]} Qg6 {[%clk 00:34:48]} {[%emt 00:12:48]} 17. Nxf5 {[%clk 00:47:16]}
{[%emt 00:01:09]} Rxf5 {[%clk 00:34:57]} {[%emt 00:00:22]} 18. Be1 {[%clk
00:41:37]} {[%emt 00:06:07]} h5 {[%clk 00:32:42]} {[%emt 00:02:46]} 19. Ne3
{[%clk 00:41:52]} {[%emt 00:00:14]} Raf8 {[%clk 00:33:01]} {[%emt 00:00:11]}
20. Qe2 {[%clk 00:39:31]} {[%emt 00:02:52]} Rxf4 {[%clk 00:32:50]} {[%emt
00:00:42]} 21. Rxf4 {[%clk 00:39:16]} {[%emt 00:00:44]} Rxf4 {[%clk 00:32:54]}
{[%emt 00:00:27]} 22. Kh2 {[%clk 00:37:13]} {[%emt 00:02:31]} Rf8 {[%clk
00:27:51]} {[%emt 00:05:34]} 23. Bf2 {[%clk 00:31:42]} {[%emt 00:05:59]} Bf6
{[%clk 00:23:45]} {[%emt 00:04:38]} 24. c3 {[%clk 00:31:10]} {[%emt 00:01:02]}
Be5+ {[%clk 00:23:45]} {[%emt 00:00:30]} 25. g3 {[%clk 00:28:45]} {[%emt
00:02:55]} h4 {[%clk 00:21:15]} {[%emt 00:03:00]} 26. Ng4 {[%clk 00:28:55]}
{[%emt 00:00:20]} Rxf2+ {[%clk 00:18:04]} {[%emt 00:03:42]} 0-1

[Event "DEM U16w 2025"]
[Site "Willingen GER"]
[Date "2025.06.10"]
[Round "4"]
[White "Müller, Riyanna"]
[Black "Haug, Mara"]
[Result "1-0"]
[Termination "normal"]
[Board "13"]
[WhiteTitle "WCM"]
[WhiteElo "2056"]
[BlackElo "1999"]
[WhiteClock "00:19:52"]
[BlackClock "00:19:28"]
[PlyCount "99"]
[WhiteFideId "16287401"]
[BlackFideId "16259300"]
[EventCountry "GER"]
[EventRounds "9"]
[EventType "swiss"]
[EventDate "2025.06.07"]

1. e4 {[%clk 01:30:57]} {[%emt 00:00:03]} c5 {[%clk 01:30:56]} {[%emt
00:00:05]} 2. Nf3 {[%clk 01:31:21]} {[%emt 00:00:05]} Nc6 {[%clk 01:31:22]}
{[%emt 00:00:06]} 3. Bb5 {[%clk 01:31:44]} {[%emt 00:00:07]} g6 {[%clk
01:31:45]} {[%emt 00:00:06]} 4. Bxc6 {[%clk 01:31:50]} {[%emt 00:00:24]} dxc6
{[%clk 01:32:03]} {[%emt 00:00:11]} 5. d3 {[%clk 01:31:57]} {[%emt 00:00:23]}
Bg7 {[%clk 01:32:09]} {[%emt 00:00:24]} 6. h3 {[%clk 01:31:41]} Nh6 {[%clk
01:32:12]} {[%emt 00:01:14]} 7. O-O {[%clk 01:30:48]} f6 {[%clk 01:32:01]}
{[%emt 00:02:04]} 8. Be3 {[%clk 01:28:28]} b6 {[%clk 01:31:46]} {[%emt
00:03:36]} 9. Nc3 {[%clk 01:28:42]} e5 {[%clk 01:30:58]} {[%emt 00:01:33]} 10.
Qd2 {[%clk 01:26:16]} Nf7 {[%clk 01:30:49]} {[%emt 00:03:34]} 11. a4 {[%clk
01:25:31]} a5 {[%clk 01:30:16]} {[%emt 00:02:18]} 12. b3 {[%clk 01:23:29]} O-O
{[%clk 01:27:56]} {[%emt 00:05:21]} 13. Nh2 {[%clk 01:03:13]} Ra7 {[%clk
01:14:31]} {[%emt 00:34:42]} 14. Rae1 {[%clk 01:01:10]} Re7 {[%clk 00:59:24]}
{[%emt 00:18:08]} 15. f4 {[%clk 00:58:06]} exf4 {[%clk 00:58:38]} {[%emt
00:04:52]} 16. Bxf4 {[%clk 00:54:48]} f5 {[%clk 00:54:49]} {[%emt 00:08:08]}
17. Nf3 {[%clk 00:54:42]} g5 {[%clk 00:47:44]} {[%emt 00:08:10]} 18. Bxg5
{[%clk 00:48:55]} Bxc3 {[%clk 00:30:32]} {[%emt 00:24:00]} 19. Qxc3 {[%clk
00:49:19]} Nxg5 {[%clk 00:30:50]} {[%emt 00:00:17]} 20. Nxg5 {[%clk 00:49:42]}
Rg7 {[%clk 00:30:49]} {[%emt 00:00:38]} 21. h4 {[%clk 00:49:38]} {[%emt
00:00:34]} h6 {[%clk 00:28:37]} {[%emt 00:02:43]} 22. Nf3 {[%clk 00:49:42]}
{[%emt 00:00:25]} fxe4 {[%clk 00:25:25]} {[%emt 00:03:43]} 23. dxe4 {[%clk
00:49:45]} {[%emt 00:00:27]} Bg4 {[%clk 00:19:13]} {[%emt 00:06:41]} 24. Ne5
{[%clk 00:40:08]} {[%emt 00:10:07]} Rxf1+ {[%clk 00:15:32]} {[%emt 00:04:12]}
25. Rxf1 {[%clk 00:40:33]} {[%emt 00:00:05]} Qxh4 {[%clk 00:15:43]} {[%emt
00:00:18]} 26. Nxg4 {[%clk 00:26:28]} {[%emt 00:14:35]} Qxg4 {[%emt 00:00:34]}
27. Qf3 {[%clk 00:26:29]} {[%emt 00:00:22]} Qc8 {[%clk 00:07:04]} {[%emt
00:09:11]} 28. e5 {[%clk 00:21:59]} {[%emt 00:05:02]} Qe8 {[%clk 00:05:56]}
{[%emt 00:01:38]} 29. Qf6 {[%clk 00:21:13]} {[%emt 00:01:16]} Rg6 {[%clk
00:05:38]} {[%emt 00:00:47]} 30. Qf5 {[%clk 00:18:47]} {[%emt 00:02:56]} Rg5
{[%clk 00:04:52]} {[%emt 00:01:16]} 31. Qf6 {[%clk 00:17:07]} {[%emt 00:02:10]}
Rg6 {[%clk 00:02:38]} {[%emt 00:02:45]} 32. Qf4 {[%clk 00:16:22]} {[%emt
00:01:14]} Re6 {[%clk 00:02:08]} {[%emt 00:00:59]} 33. Qc4 {[%clk 00:04:33]}
{[%emt 00:12:20]} Kg7 {[%clk 00:01:57]} {[%emt 00:00:39]} 34. Qg4+ {[%clk
00:03:59]} {[%emt 00:01:07]} Kh7 {[%clk 00:01:22]} {[%emt 00:01:03]} 35. Qe4+
{[%clk 00:03:10]} {[%emt 00:01:20]} Kg7 {[%clk 00:01:12]} {[%emt 00:00:40]} 36.
Rf5 {[%clk 00:03:29]} {[%emt 00:00:12]} Qg6 {[%clk 00:00:56]} {[%emt 00:00:44]}
37. Qf4 {[%clk 00:03:11]} {[%emt 00:00:49]} Qe8 {[%clk 00:00:33]} {[%emt
00:00:53]} 38. Rf6 {[%clk 00:03:01]} {[%emt 00:00:41]} Rxf6 {[%clk 00:00:41]}
{[%emt 00:00:22]} 39. Qxf6+ {[%clk 00:03:24]} {[%emt 00:00:07]} Kg8 {[%clk
00:00:45]} {[%emt 00:00:25]} 40. e6 {[%clk 00:03:37]} {[%emt 00:00:17]} h5
{[%clk 00:00:46]} {[%emt 00:00:29]} 41. Kh2 {[%clk 00:02:52]} {[%emt 00:01:14]}
Qb8+ {[%clk 00:27:34]} {[%emt 00:03:44]} 42. g3 {[%clk 00:24:38]} {[%emt
00:08:43]} Qe8 {[%clk 00:27:27]} {[%emt 00:00:37]} 43. Kh3 {[%clk 00:24:43]}
{[%emt 00:00:25]} b5 {[%clk 00:25:00]} {[%emt 00:02:57]} 44. c4 {[%clk
00:24:22]} {[%emt 00:00:52]} b4 {[%clk 00:23:55]} {[%emt 00:01:34]} 45. Kh4
{[%emt 00:03:46]} Qc8 46. Kxh5 {[%clk 00:24:20]} {[%emt 00:00:19]} Kh7 {[%clk
00:20:21]} {[%emt 00:01:31]} 47. g4 {[%clk 00:20:03]} {[%emt 00:04:46]} Kg8
{[%clk 00:19:39]} {[%emt 00:01:13]} 48. Kg6 {[%clk 00:19:38]} {[%emt 00:00:54]}
Qd7 {[%clk 00:19:18]} {[%emt 00:00:52]} 49. Qf7+ {[%clk 00:19:52]} {[%emt
00:00:16]} Kh8 {[%clk 00:19:28]} {[%emt 00:00:20]} 50. Qf8# {[%emt 00:00:06]}
1-0

[Event "DEM U16w 2025"]
[Site "Willingen GER"]
[Date "2025.06.10"]
[Round "4"]
[White "Pommerehncke, Marla"]
[Black "Hoffmann, Svenja"]
[Result "0-1"]
[Termination "normal"]
[Board "14"]
[WhiteElo "1391"]
[BlackElo "1761"]
[WhiteClock "00:03:46"]
[BlackClock "00:08:02"]
[PlyCount "75"]
[WhiteFideId "34686347"]
[BlackFideId "16287312"]
[EventCountry "GER"]
[EventRounds "9"]
[EventType "swiss"]
[EventDate "2025.06.07"]

1. d4 {[%clk 01:30:56]} {[%emt 00:00:03]} Nf6 {[%clk 01:30:43]} {[%emt
00:00:18]} 2. Nf3 {[%clk 01:31:18]} {[%emt 00:00:08]} g6 {[%clk 01:30:57]}
{[%emt 00:00:16]} 3. Bf4 {[%clk 01:31:38]} {[%emt 00:00:10]} Bg7 {[%clk
01:31:12]} {[%emt 00:00:16]} 4. e3 {[%clk 01:31:58]} {[%emt 00:00:09]} O-O
{[%clk 01:31:12]} {[%emt 00:00:30]} 5. c3 {[%clk 01:32:24]} {[%emt 00:00:05]}
d6 {[%clk 01:30:13]} {[%emt 00:01:29]} 6. h3 {[%clk 01:32:44]} {[%emt
00:00:11]} Nc6 {[%clk 01:28:31]} {[%emt 00:02:11]} 7. Nbd2 {[%clk 01:31:58]}
{[%emt 00:01:17]} Re8 {[%clk 01:27:50]} {[%emt 00:01:10]} 8. Bh2 {[%clk
01:23:44]} {[%emt 00:08:45]} e5 {[%clk 01:22:52]} {[%emt 00:05:28]} 9. Be2
{[%clk 01:19:48]} {[%emt 00:04:25]} e4 {[%clk 01:18:48]} {[%emt 00:04:34]} 10.
Ng1 {[%clk 01:18:44]} {[%emt 00:01:35]} d5 {[%clk 01:12:41]} {[%emt 00:06:37]}
11. a4 {[%clk 01:11:46]} {[%emt 00:07:28]} Nd7 {[%clk 01:11:26]} {[%emt
00:01:45]} 12. Qb3 {[%clk 01:03:07]} {[%emt 00:09:08]} Ne7 {[%clk 01:04:13]}
{[%emt 00:07:43]} 13. Bf4 {[%clk 00:54:35]} {[%emt 00:09:02]} f5 {[%clk
01:03:53]} {[%emt 00:00:50]} 14. g4 {[%clk 00:48:07]} {[%emt 00:06:59]} Nf8
{[%clk 01:01:41]} {[%emt 00:02:41]} 15. c4 {[%clk 00:41:42]} {[%emt 00:06:55]}
Ne6 {[%clk 01:00:40]} {[%emt 00:01:31]} 16. cxd5 {[%clk 00:41:21]} {[%emt
00:00:51]} Nxd5 {[%clk 01:00:37]} {[%emt 00:00:33]} 17. Bg3 {[%emt 00:05:19]}
Kh8 {[%clk 00:56:21]} {[%emt 00:03:45]} 18. Bc4 {[%clk 00:33:38]} {[%emt
00:04:26]} c6 {[%clk 00:56:03]} {[%emt 00:00:47]} 19. Ne2 {[%clk 00:32:35]}
{[%emt 00:01:32]} Rf8 {[%clk 00:45:11]} {[%emt 00:11:23]} 20. Bxd5 {[%clk
00:30:24]} {[%emt 00:02:41]} cxd5 {[%clk 00:45:19]} {[%emt 00:00:23]} 21. Qb4
{[%clk 00:27:51]} {[%emt 00:03:02]} Qd7 {[%clk 00:28:05]} {[%emt 00:17:45]} 22.
Rg1 {[%clk 00:21:27]} {[%emt 00:06:54]} b6 {[%clk 00:21:12]} {[%emt 00:07:23]}
23. Bh2 {[%clk 00:15:59]} {[%emt 00:05:58]} Ba6 {[%clk 00:20:06]} {[%emt
00:01:35]} 24. Nf4 {[%clk 00:15:30]} {[%emt 00:00:59]} Rac8 {[%clk 00:16:11]}
{[%emt 00:04:25]} 25. Qb3 {[%clk 00:13:37]} {[%emt 00:02:23]} Nxf4 {[%clk
00:12:06]} {[%emt 00:04:35]} 26. Bxf4 {[%clk 00:13:51]} {[%emt 00:00:16]} Rc6
{[%clk 00:12:03]} {[%emt 00:00:33]} 27. Qd1 {[%clk 00:10:45]} {[%emt 00:03:36]}
Rfc8 {[%clk 00:11:13]} {[%emt 00:01:20]} 28. Nb3 {[%clk 00:09:47]} {[%emt
00:01:28]} Rc2 {[%clk 00:11:10]} {[%emt 00:00:33]} 29. Rb1 {[%clk 00:06:59]}
{[%emt 00:03:18]} Re2+ {[%clk 00:10:59]} {[%emt 00:00:41]} 30. Qxe2 {[%clk
00:07:18]} {[%emt 00:00:11]} Bxe2 {[%clk 00:11:23]} {[%emt 00:00:06]} 31. Kxe2
{[%clk 00:07:38]} {[%emt 00:00:09]} Qxa4 {[%clk 00:11:45]} {[%emt 00:00:09]}
32. Rgc1 {[%clk 00:05:37]} {[%emt 00:02:32]} Rxc1 {[%clk 00:09:27]} {[%emt
00:02:48]} 33. Rxc1 {[%clk 00:05:53]} {[%emt 00:00:14]} Qxb3 {[%clk 00:08:08]}
{[%emt 00:01:48]} 34. Rc8+ {[%clk 00:06:10]} {[%emt 00:00:12]} Bf8 {[%clk
00:08:31]} {[%emt 00:00:08]} 35. Bh6 {[%clk 00:05:04]} {[%emt 00:01:36]} Qb5+
{[%clk 00:08:03]} {[%emt 00:00:57]} 36. Ke1 {[%clk 00:04:54]} {[%emt 00:00:41]}
Qa5+ {[%clk 00:08:10]} {[%emt 00:00:24]} 37. Ke2 {[%clk 00:03:46]} {[%emt
00:01:38]} Qa6+ {[%clk 00:08:02]} {[%emt 00:00:06]} 38. Kd1 0-1